Thị trường địa ốc : Phụ trương thông tin quản cáo của Thời báo Kinh tế Sài Gòn Số 11 (260)
Nội dung số này trình bày: đầu tư 4600 tỉ đồng xây khu nghỉ dưỡng tại Phú Quốc, Kim Oanh trao tặng bốn căn nhà tình thương, chào bán đất nền Thanh Yến Residence, Sacomreal bán gần 2000 sản phẩm trong quí 2,......
Αποθηκεύτηκε σε:
| Μορφή: | Βιβλίο |
|---|---|
| Γλώσσα: | Vietnamese |
| Έκδοση: |
Tp. Hồ Chí Minh
Uỷ ban nhân dân Tp. Hồ Chí Minh
2015
|
| Θέματα: | |
| Ετικέτες: |
Προσθήκη ετικέτας
Δεν υπάρχουν, Καταχωρήστε ετικέτα πρώτοι!
|
| Thư viện lưu trữ: | Thư viện Trường Đại học Nam Cần Thơ |
|---|
| LEADER | 01144nam a22002057a 4500 | ||
|---|---|---|---|
| 001 | NCT_134335 | ||
| 008 | 220310b xxu||||| |||| 00| 0 vie d | ||
| 999 | |c 6923 |d 6923 | ||
| 041 | 0 | |a vie | |
| 082 | 0 | 4 | |2 23rd ed. |a 333.33 |b Th300T |
| 245 | 0 | 0 | |a Thị trường địa ốc : |b Phụ trương thông tin quản cáo của Thời báo Kinh tế Sài Gòn |n Số 11 (260) |c Uỷ ban nhân dân Tp. Hồ Chí Minh |
| 260 | |a Tp. Hồ Chí Minh |b Uỷ ban nhân dân Tp. Hồ Chí Minh |c 2015 | ||
| 300 | |c 29cm | ||
| 310 | |a 1 tháng 2 kỳ | ||
| 362 | |a 11/2015 | ||
| 520 | 3 | |a Nội dung số này trình bày: đầu tư 4600 tỉ đồng xây khu nghỉ dưỡng tại Phú Quốc, Kim Oanh trao tặng bốn căn nhà tình thương, chào bán đất nền Thanh Yến Residence, Sacomreal bán gần 2000 sản phẩm trong quí 2,... | |
| 655 | |a Tạp chí | ||
| 942 | |2 ddc |c CR | ||
| 952 | |0 0 |1 0 |2 ddc |4 0 |6 333_330000000000000_TH300T |7 0 |9 24815 |a 000001 |b 000001 |d 2022-06-01 |o 333.33 Th300T |r 2022-06-01 |w 2022-06-01 |y CR | ||
| 980 | |a Thư viện Trường Đại học Nam Cần Thơ | ||